| 000 | 01093nam a2200241 a 4500 | ||
|---|---|---|---|
| 001 | BRCA_328 | ||
| 005 | 20190320202948.0 | ||
| 008 | 881019s1989 nyua---###---#000-0#eng-# | ||
| 020 | _a0486259536 | ||
| 040 |
_aDLC _cDLC _dDLC |
||
| 050 | 4 |
_aNK5309.85.A7 _b.L96 1989 |
|
| 100 | 1 |
_aLyongrün, Arnold _91092 |
|
| 245 | 1 | 0 |
_aMasterpieces of Art Nouveau Stained Glass Design _b91 Motifs in Full Color _cby Arnold Lyongrün. |
| 260 |
_aNueva York _bDover _c1989 |
||
| 300 |
_a30 p. _bil. a color _c31 cm. |
||
| 440 | 0 |
_aDover pictorial archive series _91093 |
|
| 500 | _aAn unabridged republication of the plates that originally appeared in Vorbilder für Kunstverglasungen im Style der Neuzeit, first and second series (1900) ... The original text is here replaced by a new publishers note, and the plates appear in a different sequence, with plates from the two original portfolios intermingled--T.p. verso. | ||
| 500 | _aDonación Consejo Británico | ||
| 650 | 1 | 4 |
_aVitrales _xTemas, motivos _91094 |
| 650 | 1 | 4 |
_aDecoración y ornamentación _xArt Nouveau _91095 |
| 902 | _aDCB | ||
| 942 |
_2lcc _cB |
||
| 999 |
_c265 _d265 |
||